000 00499cam a22002054a 4500
005 20250605164325.0
008 250528s ||||||||||||||||||||||||d
035 _a22987
020 _a9780761942405
040 _aGR-AtMCL
_bgre
_dGR-AtMCL
_eAACR2
245 1 _aSTUDY SKILLS FOR PSYCHOLOGY
250 _a1
260 _bSage Publications,
_c2006
300 _a165
700 1 _aFreeman Richard P.J
_97124
700 1 _aStone Tony
_97125
942 _cBK
999 _c8028
_d8028